Flags of All Current Monarchies - Statistics

General Stats
  • This quiz has been taken 118 times
    58 since last reset
  • The average score is 38 of 43
Answer Stats
Picture Answer % Correct
Kingdom of Denmark
100%
Kingdom of Norway
100%
Kingdom of Sweden
100%
Kingdom of Belgium
98%
Kingdom of Spain
98%
Canada
96%
Japan
96%
Kingdom of Bhutan
96%
Kingdom of the Netherlands
96%
State of Qatar
96%
United Kingdom of Great Britain and Northern Ireland
96%
Commonwealth of Australia
94%
Grand Duchy of Luxembourg
94%
Kingdom of Saudi Arabia
94%
Kingdom of Thailand
94%
New Zealand
94%
Jamaica
91%
Kingdom of Bahrain
91%
Kingdom of Cambodia
91%
Kingdom of Morocco
91%
Principality of Monaco
91%
Malaysia
89%
Sultanate of Oman
89%
Vatican City State
89%
Hashemite Kingdom of Jordan
87%
Kingdom of Eswatini
87%
Kingdom of Tonga
87%
Principality of Andorra
87%
State of Kuwait
85%
United Arab Emirates
85%
Belize
83%
Saint Lucia
83%
Brunei Darussalam
79%
Commonwealth of The Bahamas
79%
Grenada
79%
Kingdom of Lesotho
79%
Saint Vincent and the Grenadines
79%
Antigua and Barbuda
77%
Federation of Saint Kitts and Nevis
77%
Independent State of Papua New Guinea
74%
Principality of Liechtenstein
74%
Tuvalu
72%
Solomon Islands
64%
No matching quizzes found
Score Distribution
Percent of People with Each Score
Percentile by Number Answered
Your Score History
You have not taken this quiz since the last reset